| 000 | 01104nam a2200325 4500 | ||
|---|---|---|---|
| 003 | CO-CtgCURN | ||
| 005 | 20250329191022.0 | ||
| 007 | ta | ||
| 008 | 160627s2006 000 0 eng d | ||
| 020 | _a9587015754 | ||
| 040 |
_aCO-CtgCURN _bspa _ccoctgcurn |
||
| 082 | 0 |
_a001.42 _bE74m |
|
| 100 | 1 | _aEscorcia Oyola, Olavo. | |
| 245 | 1 | 0 |
_aManual para la Investigación : _bGuía para la formación, desarrollo y divulgación de proyectos / _cOlavo Escorcia Oyola. |
| 260 |
_aBogotá : _bUniversidad Nacional de Colombia, _c2006. |
||
| 300 | _a123 p. | ||
| 336 | _2rdacontent | ||
| 337 |
_2rdamedia _asin mediacion _bn |
||
| 338 |
_2rdacarrier _avolumen _bnc |
||
| 500 | _aIncluye anexos. | ||
| 505 | 8 | _aPlaneación.--Desarrollo.--Divulgación | |
| 650 | 1 | 4 | _aMetodología científica. |
| 650 | 1 | 4 |
_aInvestigación _vMetodología. |
| 650 | 1 | 4 | _aMetodología científica. |
| 650 | 1 | 4 | _aInvestigación Cientifica. |
| 650 | 1 | 4 | _aProspecciones científicas. |
| 908 | _a160627 | ||
| 942 |
_cBK _h001.42 _iE74m _2ddc |
||
| 999 |
_c11302 _d11302 |
||